Instrucción de la Sagrada Congregación de Ritos para aplicar debidamente la Constitución sobre la Sagrada Liturgia

Kaydedildi:
Detaylı Bibliyografya
Materyal Türü: Kitap
Dil:İspanyolca
Baskı/Yayın Bilgisi: Santiago Paulinas 1964
Seri Bilgileri:Colección Magisterium
Konular:
Etiketler: Etiketle
Etiket eklenmemiş, İlk siz ekleyin!

MARC

LEADER 00000nam a2200000 a 4500
001 UCY1371
003 CL-VaPUC
005 20200123181726.0
008 940830e19640000cl 1 spa d
082 0 4 |a 264  |b INS  |2 21 
245 1 0 |a Instrucción de la Sagrada Congregación de Ritos para aplicar debidamente la Constitución sobre la Sagrada Liturgia 
260 |a Santiago  |b Paulinas  |c 1964 
300 |a 44 p 
490 0 |a Colección Magisterium 
583 |a last modification  |c 19940830 00:00:00  |k Rodrigo Vera 
650 0 7 |a LITURGIA  |2 CL-VaPUC  |9 617027 
942 |c BK 
945 |a mfernand  |d 19940830 00:00:00 
546 |a En Español 
518 |p Concilio Varticano, 2, 1962-1965 
999 |c 382258  |d 382256 
952 |0 0  |1 2  |4 0  |6 264_000000000000000_INS_1964  |7 0  |8 A  |9 503855  |a BIBTEO  |b BIBTEO  |d 2020-01-23  |i 3014142  |o 264 INS 1964  |p 3014142  |r 2020-01-23  |w 2020-01-23  |x Descarte 2019  |y BK  |k ICR